|
|
|
|
| LEADER |
00000nab#a22000007a#4500 |
| 001 |
arbauad029105 |
| 003 |
AR-BaUAD |
| 005 |
20250711112347.0 |
| 008 |
971110|||||||||###||||||b###|0###a|spa|| |
| 040 |
|
|
|a AR-BaUAD
|c AR-BaUAD
|b spa
|
| 100 |
|
|
|a Ban, Shigeru
|
| 245 |
|
|
|a Una tenda come casa /
|c Shigeru Ban;
|
| 300 |
0 |
|
|b fot., plantas
|
| 653 |
|
|
|a VIVIENDAS UNIFAMILIARES
|
| 653 |
|
|
|a BAN, SHIGERU
|
| 653 |
|
|
|a TOKIO
|
| 773 |
0 |
|
|t ABITARE
|g Nº364 [jun. 1997], p. 44-47
|
| 942 |
|
|
|c ARTI
|
| 952 |
|
|
|0 0
|1 0
|4 0
|7 0
|9 74024
|a AR-BAuAD
|b AR-BAuAD
|d 2025-07-11
|l 0
|p AAQA029105
|r 2025-07-11 11:23:47
|w 2025-07-11
|y ARTI
|
| 990 |
|
|
|a AQ199
|b TD
|
| 998 |
|
|
|a AAQ
|b BIBUN76
|
| 999 |
|
|
|c 53697
|d 53697
|